01050 a2200193 45000010006000000050017000060080041000230030015000640400040000790800052001192450028001710200018001992640051002173000019002685050432002870410008007191000030007278560099007575713020260407155834.0260407a1993 arg spa dAR-UNSa-BCEJYS aAR-UNSa-BCEJYSbspacAR-UNSa-BCEJYS a342xDerecho constitucional (Derecho Público)10aLa potestad legislativa a950-572-247-8 1aBuenos Aires :bVíctor P. de Zavalíac1993 a389 p.c23 cm. a1. La potestad legislativa como técnica de gobernar – 2. De las reservas legislativas dispuestas en la Constitución: reserva de ley y reserva de reglamento – 3. La delegación legislativa – 4. La delegación legislativa en el derecho argentino – 5. Las diversas modalidades que puede utilizar el Congreso para ejercer su potestad legislativa – 6. El ejercicio de la potestad legislativa por parte del Ejecutivo  aspa1 aQuiroga Lavié, Humberto41uhttps://www.biblioeco.unsa.edu.ar/pmb/images/libros/L128708.jpgyImagen de portadaqimage/jpeg